00935nam a2200217 a 450000100100000000500170001000800410002704000250006808200150009310000440010824501200015225000110027226000630028330000280034650400320037470000530040604900090045995201130046895201190058199900170070000002439520260521073716.0110127s2005 dr a 000 0 spa d aDO-SdBNPbspacBNPHU axxxbG216f1 aGarcía Romero, Gladys Graciela91739610aFormación ciudadana para el nivel medio /cGladys Graciela García Romero ; presentación MU-KIEN Adriana Sang. a4a ed. aSanto Domingo :bConsorcio de Educación Cívica,c2005. a146 p. :bil. ;c29 cm. aBibliografía : p. 141-1421 aSang, Mu-Kien A. d1955-q(Mu-Kien Adriana)9331 aBNPD 0010718PDaPDbPDcHDd2011-01-27iLF1l0oxxx G216fp24395-10r2020-06-25w2020-06-25yLFPDZNo se presta 0010718PDaPDbPDcCTd2011-01-27iLF1l0oxxx G216fp24395-20r2020-06-25te. 2w2020-06-25yLFPDZNo se presta c23888d23888